| 000 | 00463nam a2200169 i 4500 | ||
|---|---|---|---|
| 001 | 33303 | ||
| 003 | ES-MaACL | ||
| 005 | 20240420063018.0 | ||
| 007 | t| | ||
| 008 | 030202s1962 sp ||||1| spa d | ||
| 100 | 1 |
_aBergamín, José, _d1895-1983 _927925 |
|
| 245 | 1 | 0 |
_aAl volver / _cJosé Bergamín. |
| 260 |
_aBarcelona : _bSeix Barral, _c1962. |
||
| 300 |
_a241 p. ; _c19 cm. |
||
| 852 |
_aES-MaACL _jC-21497 _bR.49958 |
||
| 999 |
_c33303 _d33303 |
||